| 000 | 00885nam a22002417a 4500 | ||
|---|---|---|---|
| 999 |
_c12216 _d12216 |
||
| 003 | AR-CdUCM | ||
| 008 | 190408b ||||| |||| 00| 0 spa d | ||
| 040 |
_aMUNICIPALIDAD PROVINCIAL DEL CUSCO _cBIBLIOTECA MUNICIPAL DEL CUSCO |
||
| 082 |
_aES / 869.51 / _bC41 |
||
| 100 |
_aCcasa Champi, Valentin _929962 |
||
| 245 | _aMaman Uywaq Ukumaricha / | ||
| 260 |
_aPerú : _bDirección Regional del Instituto Nacional de Cultura - Cusco, _c2005. |
||
| 300 |
_a33 paginas ; _bIlustraciones, Graficos, Dibujos, _c21 cm. |
||
| 500 | _aPremio Regional de cultura cuento idioma quechua 2004. | ||
| 650 |
_aTexto educativo _925832 |
||
| 650 |
_aEducación primaria _91561 |
||
| 650 |
_aLiteratura _983 |
||
| 700 |
_aSanchez Paz, Carlos _93998 |
||
| 700 |
_aMilton Montufar, Oleo _929963 |
||
| 700 |
_aVega Centeno, David Ugarte _929964 |
||
| 942 |
_2ddc _cLIBROS |
||
| 945 |
_apjha _d2019-04-08 |
||